Actas congreso internacional: educación, familia y vida

Αποθηκεύτηκε σε:
Λεπτομέρειες βιβλιογραφικής εγγραφής
Μορφή: Βιβλίο
Γλώσσα:Ισπανικά
Έκδοση: Murcia Universidad Católica San Antonio 2002
Murcia Pontificio Consejo para la Familia 2002
Θέματα:
Ετικέτες: Προσθήκη ετικέτας
Δεν υπάρχουν, Καταχωρήστε ετικέτα πρώτοι!

MARC

LEADER 00000nam a2200000 a 4500
001 UCL1406
003 CL-VaPUC
005 20240401121856.0
008 030905e20020000sp 1 spa d
020 |a 849304749X 
044 |a sp  |2 marc 
044 |a sp  |2 marc 
082 0 4 |a 261.835  |b ACT  |2 21 
245 1 0 |a Actas congreso internacional: educación, familia y vida 
246 1 3 |a La familia: comunidad de vida y educación 
260 |a Murcia  |b Universidad Católica San Antonio  |c 2002 
260 |a Murcia  |b Pontificio Consejo para la Familia  |c 2002 
300 |a 238 p 
583 |a last modification  |c 20190911 12:06:37  |k Rodrigo Vera 
650 0 0 |a Familias   |9 255641 
650 0 7 |a IGLESIA Y FAMILIA  |2 CL-VaPUC  |9 590364 
650 0 0 |a Derecho de familia  |9 255603 
650 0 0 |a Derecho eclesiástico  |9 255055 
650 0 0 |a Filosofía cristiana   |9 265980 
942 |c BK 
945 |a cmena  |d 20030905 00:00:00 
546 |a En Español 
536 |a Universidad Católica San Antonio 
536 |a Pontificio Consejo para la Familia 
518 |p Congreso Internacional Educación Familia y Vida, 1, Murcia, 27 y 28 de abril de 2001 
999 |c 383903  |d 383901 
952 |0 0  |1 0  |4 0  |6 261_835000000000000_ACT_2002  |7 0  |8 A  |9 506222  |a BIBEDU  |b BIBEDU  |d 2020-01-23  |i 3937771  |o 261.835 ACT 2002  |p 3937771  |r 2020-01-23  |w 2020-01-23  |y BK  |k BME